RELIK 2011 Reprodukce lidského kapitálu - vzájemné vazby a souvislosti
Uložené v:
| Korporativný autor: | |
|---|---|
| Ďalší autori: | , |
| Médium: | Kniha |
| Jazyk: | Czech English Slovak |
| Vydavateľské údaje: |
Slaný
Melandrium
2011
|
| Predmet: | |
| Tagy: |
Žiadne tagy, Buďte prvý, kto otaguje tento záznam!
|
MARC
| LEADER | 00000nlm$a2200000$$$4500 | ||
|---|---|---|---|
| 001 | 0145488 | ||
| 005 | 20220728085249.6 | ||
| 020 | |a 978-80-86175-75-1 | ||
| 041 | 0 | |a cze | |
| 041 | 0 | |a eng | |
| 041 | 0 | |a slo | |
| 044 | |a CZ | ||
| 245 | 1 | 0 | |a RELIK 2011 |b Reprodukce lidského kapitálu - vzájemné vazby a souvislosti |c příprava a sestavení: Tomáš Löster, Jitka Langhamrová |
| 264 | 1 | |a Slaný |b Melandrium |c 2011 | |
| 300 | |a CD-ROM | ||
| 610 | 2 | 0 | |a kapitál ľudský |
| 610 | 2 | 0 | |a reprodukcia |
| 610 | 2 | 0 | |a reprodukcia sily pracovnej |
| 700 | 1 | |a Löster, Tomáš | |
| 700 | 1 | |a Langhamrová, Jitka | |
| 110 | 2 | |a RELIK 2011. Mezinárodní vědecká konference | |